000 005050000a22001450004500
090 _aAS
_bSeriadas
245 1 0 _aCaracterización preliminar de la comunidad de reptiles de un sector de la serranía del Perijá, Colombia
041 0 _aEspañol
700 1 _aCastaño M., Olga Victoria
_94616
700 1 _aCárdenas A., Gladys
_999291
700 1 _aGalvis Peñuela, Pedro Alberto
_999292
100 1 _aHernández Ruz, Emil José
_999293
942 _cARTICULO
773 1 _tCaldasia
_345
_h2
_q475-489
_d2001
_g23
999 _c14627
_d14627